| 000 | 02083nam0a2200373 4500 | ||
|---|---|---|---|
| 001 | RU\NLR\bibl\996842 | ||
| 005 | 20260408190848.0 | ||
| 010 |
_a5-7890-0342-7 _9100 |
||
| 021 |
_aRU _b2006-53164 _92621 |
||
| 035 | _a(nilc)EL/0000082511 | ||
| 035 | _aDGPB\BIBL\0000045733 | ||
| 035 | _a(NLR Aleph) 000984604 | ||
| 090 |
_a480693 _c480693 |
||
| 100 | _a20060905d2005 |||y0rusy50 ca | ||
| 101 | 0 | _arus | |
| 102 | _aRU | ||
| 105 | _aa ||||||||| | ||
| 200 | 1 |
_aМетодологические основы интегрированных САПР машиностроительных производств _eучебное пособие _e[для студентов дневной, вечерней и заочной форм обучения специальностей 1200200, 120700 и 121300] _fА.М. Попов _gФедер. агентство по образованию, Гос. образоват. учреждение высш. проф. образования Донск. гос. техн. ун-т |
|
| 210 |
_aРостов-на-Дону _cИздательский центр ДГТУ _d2005 |
||
| 215 |
_a113 с. _cил. _d20 |
||
| 320 | _aБиблиогр.: с. 112 (5 назв.) | ||
| 606 |
_aМашиностроение _xСАПР _jУчебные издания для высших учебных заведений _3RU\NLR\auth\661257946 _92081938 |
||
| 610 | 0 | _aМашиностроительные производства | |
| 610 | 0 | _aСистемы автоматизированного проектирования | |
| 610 | 0 | _aУчебные издания для вузов | |
| 686 |
_a34.5-5-05я731 _vLBC/RL _2rubbk |
||
| 686 | _aК42-5-05я73-1 | ||
| 700 | 1 |
_4070 _8rus _7ca _aПопов _bА. М. _cканд. техн. наук, металлорежущие станки _gАндрей Михайлович _3RU\NLR\auth\7719479 _92551 |
|
| 801 | 0 |
_aRU _bДонская ГПБ _c20060905 _gRCR |
|
| 801 | 1 |
_aRU _bДонская ГПБ _c20060905 _2rusmarc |
|
| 801 | 2 |
_aRU _bNLR _c20061013 _grcr |
|
| 942 | _cBOOK | ||
| 980 | _aNB | ||